000 00660nam a2200169Ia 4500
003 LDD
008 190117s9999 xx 000 0 und d
020 _c₹75
040 _cLDD
041 _ahi
082 _a8H0.5 रू6801हि
100 _aरूवाली, केशवदत्त
245 0 _aहिन्दी भाषा और नागरी लिपि
_cकेशवदत्त रूवाली
260 _aअलीगढ़ |
_b्रन्थायन 1
_c1982
300 _a411पृ.
942 _2ddc
_cH
999 _c168841
_d168841